000 00362 a2200169 4500
001 60390
020 _a8570563817
040 _cAnchieta - Pituba
100 _aLessa, Ricardo
240 1 0 _aAmazônia
_lpor
245 1 0 _aAmazônia
300 _a83
362 0 _a1991
440 1 _aAtual
650 4 _a–Região Norte / Amazônia / Rio Amazonas
942 _cBK
999 _c60390
_d60390